baby names: ancient - Statistics

General Stats
  • This quiz has been taken 38 times
  • The average score is 9 of 38
Answer Stats
Name % Correct
Alexander
65%
Athena
65%
Julius
65%
Helen
62%
Julia
54%
Troy
46%
Apollo
38%
August
38%
Alexandra
35%
Alexandria
31%
Augustus
31%
Diana
31%
Ares
27%
Jason
27%
Phoenix
27%
Adonis
23%
Helena
23%
Octavia
23%
Cesar
19%
Daphne
19%
Hector
19%
Orion
19%
Roman
19%
Aurelia
12%
Calliope
12%
Griffin
12%
Leonidas
12%
Maximus
12%
Titus
12%
Cyrus
8%
Lyra
8%
Xander
8%
Zander
8%
Atreus
4%
Cairo
4%
Kairo
4%
Alessandra
0%
Atlas
0%
No matching quizzes found
Score Distribution
Percent of People with Each Score
Percentile by Number Answered
Your Score History
You have not taken this quiz